|
|
|
|
| LEADER |
02061pam a22004457a 4500 |
| 001 |
AALTaylor&Francisebook000021 |
| 003 |
BD-DhAAL |
| 005 |
20230911114152.0 |
| 006 |
m||||||||d|||||||| |
| 007 |
cr|||||||||||| |
| 008 |
220110t2018\\\\fluab\\\ob\\\\001\0\eng\d |
| 010 |
|
|
|a 2018029652
|
| 020 |
|
|
|a 9781138297524 (hbk : alk. paper)
|
| 020 |
|
|
|a 9781138297531 (pbk : alk. paper)
|
| 020 |
|
|
|z 9781315099194 (ebk)
|
| 040 |
|
|
|a DLC
|b eng
|c DLC
|e rda
|d DLC
|d BD-DhAAL
|
| 042 |
|
|
|a pcc
|
| 050 |
0 |
0 |
|a HV553
|b .M2667 2019
|
| 082 |
0 |
0 |
|a 363.348
|2 23
|
| 100 |
1 |
|
|a Mannakkara, Sandeeka,
|e author.
|9 44713
|
| 245 |
1 |
0 |
|a Resilient post disaster recovery through building back better
|h [electronic resource] /
|c Sandeeka Mannakkara, Suzanne Wilkinson, and Regan Potangaroa.
|
| 264 |
|
1 |
|a London ;
|a New York :
|b Routledge, Taylor & Francis Group,
|c 2019.
|
| 300 |
|
|
|a 1 online resource (148 pages) :
|b 11 illustrations, text file, PDF
|
| 500 |
|
|
|a <strong>Off-Campus Access:</strong> Athens ID and Password Required
|
| 500 |
|
|
|a <strong>On-Campus Access:</strong> No User ID or Password Required
|
| 500 |
|
|
|a Access type: Perpetual access
|
| 504 |
|
|
|a Includes bibliographical references and index.
|
| 526 |
|
|
|a ARC
|x Dr. Imon Chowdhooree
Assistant Professor
|
| 538 |
|
|
|a Mode of access: Internet
|
| 541 |
|
|
|a Taylor & Francis
|h USD 178,50
|
| 650 |
|
0 |
|a Disaster relief.
|9 44714
|
| 650 |
|
0 |
|a Emergency management.
|9 44715
|
| 655 |
|
|
|a Electronic books.
|
| 700 |
1 |
|
|a Wilkinson, Suzanne
|q (Suzanne Jane),
|e author.
|9 44717
|
| 700 |
1 |
|
|a Potangaroa, Regan,
|e author.
|9 44718
|
| 852 |
|
|
|a Ayesha Abed Library
|
| 856 |
|
|
|z Full text available on Taylor & Francis
|u https://www.taylorfrancis.com/books/9781315099194
|
| 942 |
|
|
|2 ddc
|c EBK
|
| 999 |
|
|
|c 43433
|d 43433
|
| 952 |
|
|
|0 0
|1 0
|2 ddc
|4 0
|6 363_348000000000000_MAN
|7 0
|9 69699
|a BRACUL
|b BRACUL
|d 2022-01-10
|e Taylor & Francis
|g 15249.65
|l 0
|o 363.348 MAN
|r 2022-01-10
|t 1
|w 2022-01-10
|y EBK
|x As discussed with Acquisition team, according to invoice date (12.01.2022) of the ebook, converted USD 178.50 to BDT 15249.65.
|